000 00510nam a22001457a 4500
003 0
005 20230626092822.0
008 230626b xxu||||| |||| 00| 0 eng d
050 _aRA 790
_b.Ab24 2022
245 _aVertical awareness campaign videos on mental health for psyche solution psychological services
_cAbesamis, Martha Ann Beatriz H.
260 _aLas PiƱas City
_bSouthville International School and Colleges
_cC2022
300 _aVIII, 49pp.
_c28cm.
500 _aMental health.
942 _2lcc
_cTH
999 _c365097
_d365097